Klasyfikacja Pucharu Świata 2023/24 w skokach narciarskich - Statystyki

Ogólne statystyki
  • Ten quiz został rozwiązany 134 razy
  • Średni wynik to 47 z 67
Statystyki odpowiedzi
Miejsce Zwodnik Kraj Punkty % Poprawnych
1 Stefan Kraft Austria 2149
99%
34 Junshiro Kobayashi Japonia 143
97%
2 Ryoyu Kobayashi Japonia 1673
97%
13 Domen Prevc Słowenia 663
95%
5 Peter Prevc Słowenia 1071
95%
26 Kamil Stoch Polska 256
94%
19 Aleksander Zniszczoł Polska 524
93%
3 Andreas Wellinger Niemcy 1488
93%
4 Jan Hoerl Austria 1140
93%
28 Dawid Kubacki Polska 213
91%
14 Anze Lanisek Słowenia 661
90%
25 Piotr Żyła Polska 292
90%
11 Daniel Tschofenig Austria 747
89%
16 Timi Zajc Słowenia 640
88%
7 Johann Andre Forfang Norwegia 867
86%
47 Paweł Wąsek Polska 42
85%
18 Gregor Deschwanden Szwajcaria 552
84%
17 Karl Geiger Niemcy 623
84%
8 Marius Lindvik Norwegia 854
84%
10 Pius Paschke Niemcy 778
84%
27 Alex Insam Włochy 215
82%
40 Antti Aalto Finlandia 85
81%
57 Kasperi Valto Finlandia 12
81%
37 Władimir Zografski Bułgaria 93
81%
24 Halvor Egner Granerud Norwegia 409
80%
9 Lovro Kos Słowenia 792
80%
12 Manuel Fettner Austria 703
80%
33 Roman Koudelka Czechy 163
80%
43 Artti Aigro Estonia 66
79%
55 Maciej Kot Polska 21
78%
15 Daniel Huber Austria 647
77%
52 Simon Ammann Szwajcaria 27
77%
31 Giovanni Bresadola Włochy 175
76%
6 Michael Hayboeck Austria 882
76%
30 Niko Kytosaho Finlandia 189
76%
41 Killian Peier Szwajcaria 79
74%
21 Kristoffer Eriksen Sundal Norwegia 458
74%
22 Ren Nikaido Japonia 449
74%
45 Jewhen Marusiak Ukraina 57
72%
61 Valentin Foubert Francja 8
71%
64 Fatih Arda Ipcioglu Turcja 3
70%
42 Tate Frantz USA 71
70%
29 Robert Johansson Norwegia 195
69%
64 Keiichi Sato Japonia 3
68%
56 Naoki Nakamura Japonia 15
67%
20 Philipp Raimund Niemcy 461
67%
23 Stephan Leyhe Niemcy 425
65%
62 Ziga Jelar Słowenia 7
62%
38 Daniel Andre Tande Norwegia 90
60%
35 Erik Belshaw USA 137
59%
58 Noriaki Kasai Japonia 10
59%
32 Clemens Aigner Austria 165
56%
49 Constantin Schmid Niemcy 39
56%
39 Stephan Embacher Austria 86
52%
36 Benjamin Oestvold Norwegia 131
50%
46 Felix Hoffmann Niemcy 49
47%
53 Eetu Nousiainen Finlandia 24
44%
58 Fredrik Villumstad Norwegia 10
43%
67 Taku Takeuchi Japonia 2
43%
63 Andrew Urlaub USA 4
41%
51 Zak Mogel Słowenia 28
40%
50 Remo Imhof Szwajcaria 30
37%
53 Robin Pedersen Norwegia 24
37%
64 Andrea Campregher Włochy 3
36%
44 Martin Hamann Niemcy 59
24%
58 Maksim Bartolj Słowenia 10
23%
47 Sindre Ulven Joergensen Norwegia 42
15%
Nie znaleziono quizów pasujących do podanych kryteriów
Rozkład punktacji
Procent ludzi z każdym wynikiem
Percentyl według liczby udzielonych odpowiedzi
Twoja historia wyników
Nie rozwiązałeś tego quizu